000 00683nam a2200241Ia 4500
003 GCL
008 140319s9999 xx 000 0 ara d
040 _aGCL /
_cGCL
082 0 4 _a150
_bف ع
100 1 _aفاخر عاقل
245 1 0 _aعلماء نفس اثروا فى التربية /
_cفاخر عاقل
250 _aالاولى
260 _aسوريا :
_bشعاع للنشر والعلوم ،
_c2004
300 _a168 ص ؛
_c24 سم
650 0 4 _aالطلاق
650 0 4 _aالزواج
650 0 4 _aالذكاء
650 0 4 _aالسعادة
650 0 4 _aفرويد
650 0 4 _aالاكتئاب
650 0 4 _aالابداع الفنى
942 _2ddc
_cBK
999 _c7378
_d7378